000
00313nam a2200121Ia 4500
008
190723s9999 xx 000 0 und d
020
_a
978-0-8153-4502-2
100
_a
Paulo Almeida
245
0
_a
Proteins : concepts in Biochemistry
260
_a
New York
_b
Garland Science
_c
2016
300
_a
395.:p
942
_c
BK
999
_c
1656
_d
1656